00607nam a22002177a 45000010005000000030006000050050017000110080041000280200015000690400029000840500008001130820008001211000020001292450061001492600041002103000049002515050008003005210029003085210020003377000032003579712FISKH20260130100113.0260130b cb ||||| |||| 00| 0 eng d a0851669662 aFISKHbengcFISKHdFISKH aPZ7 a641 aRutland , J.P . aBread /cBy J.P. Rutland : Illustrations : Robery Geary  aLondon : bFranklun Watts , c1982 . a48 pages : bcolor illustrations ;c22 cm .  aK 8 a510 bLexile estimate 8 aK bRaz-Plus  aGeary , RoberyeIllustrator